000 00365pab a2200157 454500
008 180718b2009 xxu||||| |||| 00| 0 eng d
100 _aBanerjee, Madhulika
245 _aHealth: politics of medical knowledge system
260 _c2009
300 _ap.21-24.
362 _aOct
650 _aHealth services
773 _aYojana
908 _aN
909 _a84063
999 _c84063
_d84063